000 00900nam a22003017a 4500
001 BR0803011
003 BR-BrBNA
005 20230928102603.0
007 ta
008 230509b bl.||||| |||| 00| 0 por d
040 _aBR-BrBNA
_bpor
_cBiblioteca Nacional de Agricultura
041 _a(Por)
072 _aH50; F30
_b0120
090 _ 0120 BR0803011
100 1 _aPetrillo, C.P.
110 1 _aUniversidade Federal de Lavras, MG (Brasil)
_0Tese (Mestrado)
245 1 _aSuperexpressão do ADP/ATP translocase em milho submetido aos estresses salino e de alumínio
260 3 _aLavras, MG (Brasil):
_c2007.
300 _a104 p.
500 _aSummaries (Eng, Por); Several bibliography; 17 tables; 21 illus.
650 _aMILHO
650 _aALUMÍNIO
650 _aFITOTOXICIDADE
650 _aHÍBRIDO
650 _aSTRESS
909 _a202309
_bLucia
_c55
_dLucia Elande
942 _cBK
999 _c71545
_d71545